Aircraft and helicopter digest /

Bibliographic Details
Other Authors: Jones, David, 1950 October 24-
Format: Book
Language:English
Published: Basin, Wyo. : Aviation Maintenance Publishers, [1980]
Edition:1980-81 ed.
Subjects:

MARC

Tag First Indicator Second Indicator Subfields
LEADER 00000cam a2200000 a 4500
001 in00000090160
005 20151222091447.0
008 810715s1980 wyua c 00100 eng d
020 |a 0891001840 
035 |a (OCoLC)07586716 
035 |9 AAK6245AM 
040 |a SPI  |c SPI  |d TXA  |d UtOrBLW 
049 |a TXAM  |c [388707] 
090 |a TL670  |b  A35 
092 |a 629.1331  |b AIRC 
245 0 0 |a Aircraft and helicopter digest /  |c edited by David L. Jones. 
250 |a 1980-81 ed. 
264 1 |a Basin, Wyo. :  |b Aviation Maintenance Publishers,  |c [1980] 
264 4 |c ©1980 
300 |a xii, 189 pages :  |b illustrations (some color) ;  |c 27 cm. 
336 |a text  |b txt  |2 rdacontent 
337 |a unmediated  |b n  |2 rdamedia 
338 |a volume  |b nc  |2 rdacarrier 
500 |a At head of title: Aviation mechanics journal. 
500 |a Includes index. 
650 0 |a Airplanes  |v Catalogs. 
650 0 |a Helicopters  |x Catalogs. 
700 1 |a Jones, David,  |d 1950 October 24- 
730 0 |a Aviation mechanics journal. 
999 |a MARS 
999 f f |s 0f8ed7ea-a7ad-3fe9-8f4d-a8c5df0627e2  |i 86f80efa-a762-3054-a00d-04bd8479fe21  |t 0 
952 f f |p ric  |a Texas A&M University  |b Rellis Campus  |c Joint Library Facility  |d Remote Storage  |t 0  |e TL670 A35  |h Library of Congress classification  |i unmediated -- volume  |m A14806003061 
998 f f |a TL670 A35  |t 0  |l Remote Storage